00829nam a2200253Ia 4500003000400000005001700004008004100021020001800062040001800080041000800098082001800106100002500124245004600149250001200195260004400207300002700251650002700278650004300305650003000348650002500378942002500403999001900428952012800447OSt20241029113011.0210716s2012 xx 000 0 und d a9788131755662 cAIMIT LIBRARY aeng a005.73 bSHAA aSharma, A K.9183636 aData structures using c /cBy A K Sharma. a1st ed. aNew Delhi :bPearson Education ,c2012. axi,446 p.;bPBc24 cm. aOverview of c 9183637 aData structures and algorithms9183638 aStacks and queues9183639 aLinked lists9183640 2ddccBKk005.73 SHAA c192915d192915 001040708MCAaAIMITbAIMITeAthulya Booksg250.00l0o005.73 SHAApMCA12423r2026-05-23 00:00:00v200.00w2021-07-16yBK